000 00806nam a22003010a 4500
001 PT45305
003 AR-LpoUNG
005 20210131231043.0
008 191001s2011||||uy |||||||||||||||||spa d
020 _a9789974690981
_c$9,45
040 _aAR-LpoUNG
_bspa
_cAR-LpoUNG
_eaacr
041 _aspa
044 _auy
082 0 _a808.068 3 191mag
100 1 _aBallesteros, Adriana
245 1 3 _aEl mágico mundo de las hadas
250 _a1ra. ed.
260 _aMontevideo :
_bLatinbooks,
_c2011.
300 _a56 p. :
_bil.
505 0 _aSugerido a partir de 8 años (etiqueta CELESTE)
650 4 _aCUENTOS
650 4 _aLITERATURA
651 4 _aDOCUMENTOS TEORICOS O METODOLOGICOS
653 _aLITERATURA INFANTIL
700 1 _aSaavedra, Gloria
_eil.
905 _a45305
942 _cLIB
999 _c7716
_d7716